000 00649nab a2200193 4500
001 244442
003 OSt
005 20250313100816.0
007 tu
008 200917s2020|||||||
040 _aDE-2950
_cDE-2950
245 0 0 _aVerdi-Kundgebung für bessere Löhne
_bArbeitskampf. Der Warnstreik in Frankfurt fand unter besonderen Sicherheitsvorkehrungen statt. Warum jetzt sogar unbefristeter Streik droht/
_cLeonard Palm
264 _c2024
653 _aFrankfurt (Oder)
653 _aÖffentlicher Dienst
653 _aVerdi-Streik
773 0 _g36. Jahrgang (2025) Nr. 61 vom 13.03.2025, S. 16 mit Foto
_tMärkische Oderzeitung
942 _2z
_cA
999 _c373646
_d373646